Abecedario de arte mexicano : (Record no. 130926)

MARC details
000 -CABECERA
campo de control de longitud fija 00543nam a2200181 u 4500
005 - FECHA Y HORA DE LA ÚLTIMA TRANSACCIÓN
campo de control 20210223130558.0
008 - ELEMENTOS DE LONGITUD FIJA--INFORMACIÓN GENERAL
campo de control de longitud fija 080804s2007 r 000 0 eng d
020 ## - NÚMERO INTERNACIONAL NORMALIZADO PARA LIBROS
Número Internacional Estándar del Libro 9686772669
035 ## - NÚMERO DE CONTROL DEL SISTEMA
Número de control de sistema UPN01000158812
049 ## - COLECCIÓN
Colección CG
050 #4 - SIGNATURA TOPOGRÁFICA DE LA BIBLIOTECA DEL CONGRESO
Número de clasificación N6559 A5
Número de documento/Ítem D4.2
100 1# - ASIENTO PRINCIPAL--NOMBRE PERSONAL
Nombre de persona Derbez del Pino, Julio
245 10 - MENCIÓN DE TÍTULO
Título Abecedario de arte mexicano :
Resto del título a de Anguiano /
Mención de responsabilidad, etc. Julio Derbez del Pino.
260 ## - PUBLICACIÓN, DISTRIBUCIÓN, ETC.
Lugar de publicación, distribución, etc. México :
Nombre del editor, distribuidor, etc. Pinacoteca 2000,
Fecha de publicación, distribución, etc. 2007.
300 ## - DESCRIPCIÓN FÍSICA
Extensión 62 p. :
Otras características físicas il. col.
600 14 - ASIENTO SECUNDARIO DE MATERIA - NOMBRE PERSONAL
Nombre de persona ANGUIANO, RAUL,
Fechas asociadas al nombre 1915-2006 -
Subdivisión de forma CATALOGOS
9 (RLIN) 11205
905 ## - TIPO DE MATERIAL
Tipo de material Libro
Holdings
Estado de retiro Estado de pérdida Fuente del sistema de clasificación o colocación Estado dañado No para préstamo Código de colección Localización permanente Ubicación/localización actual Ubicación en estantería Total de préstamos Clasificación Código de barras Fecha visto por última vez Número de copia Tipo de ítem Koha
    Library of Congress Classification     Colección General Bib. Gregorio Torres Quintero Bib. Gregorio Torres Quintero Planta baja 1 N6559 A5 D4.2 259540 31/12/2020 1 Libro